000 01155cam a22002054a 4500
005 20250605164130.0
008 250528s ||||||||||||||||||||||||d
035 _a18605
020 _a715725874
040 _aGR-AtMCL
_bgre
_dGR-AtMCL
_eAACR2
245 1 _aMedicine Through Time / A Study in Development
260 _c1988
300 _a176
520 _aThis book provides an empathetic approach to the major changes, developments and trends, along with the long-term causes and consequences of change in medicine. Medicine Through Time, Factors, Why Do Things Happen in History?, Religion and Medicine, War and Medicine, Government and Medicine, Science and Technology and Medicine, Why Did It Happen Then?, Penicillin, Women in Medicine, Vaccination, Science and Medicine - Vesalius and Harvey, Understanding Change and Continuity, Understanding the Pace of Change, Development, Turning Points in History, Some Changes that Got Nowhere - Or Not Until Later, Progress - Have Things Got Better?, Index, Acknowledgements.
700 1 _aHolmes Mcdougall
_92272
700 1 _aScott Joe
_94865
942 _cBK
999 _c3954
_d3954